The Yale law journal

Detalles Bibliográficos
Autor Corporativo: Yale Law School
Formato: Seriadas
Lenguaje:inglés
Publicado: New Haven, Conn. : Yale Law Journal Co., 1892-
Materias:
Acceso en línea:Acceso restringido

MARC

LEADER 00000nas a2200000 a 4500
005 20110428135249.0
007 cr |||||||||||
008 050530c18929999xxu|||||s ||| 0 ||eng|c
022 |a 0044-0094 (versi ̤paper) 
022 |a 1939-8611 
035 |a 5419 
040 |a CCUC  |d vlex 
090 |c 2078  |d 2078 
245 0 4 |a The Yale law journal  |h [Recurso electrn̤ico] 
256 |8 Servicio en ln̕ea 
260 |a New Haven, Conn. :  |b Yale Law Journal Co.,  |c 1892- 
310 |a Irregular 
506 1 |a Contenido solo disponible en los productos indicados  |d vLex Global  |d vLex Global (Academic Edition, excluding Law Schools)  |d vLex Global (Academic Edition, Law Schools) 
650 0 4 |a Derecho  |z Estados Unidos de Amřica  |z Connecticut  |x Revistas 
650 0 4 |a Derecho  |z Estados Unidos de Amřica  |x Revistas 
710 2 |a Yale Law School 
740 0 |a vLex Revista (Servicios en ln̕ea) 
856 |z Acceso restringido  |u http://vlex.com/source/yale-law-journal-5419 
942 |c REV